| 000 | 00577nam a2200193Ia 4500 | ||
|---|---|---|---|
| 003 | GCL | ||
| 008 | 140319s9999 xx 000 0 ara d | ||
| 040 |
_aGCL / _cGCL |
||
| 082 | 0 | 4 |
_aق _b477.62 _bج ل |
| 100 | 1 | _aجورجى صبحى | |
| 245 | 1 | 0 |
_aكتاب قواعد اللغة المصرية القبطية / _cجورجى صبحى |
| 260 |
_a[S.N] : _bوزارة المعارف العمومية ، _c1925 |
||
| 300 | _a253 ص | ||
| 490 | _a | ||
| 650 | 0 | 4 | _aمصر القديمة |
| 650 | 0 | 4 | _aالاقباط |
| 650 | 0 | 4 | _aاللغة القبطية |
| 942 |
_2ddc _cBK |
||
| 999 |
_c36557 _d36557 |
||